Writing without teachers

में बचाया:
ग्रंथसूची विवरण
मुख्य लेखक: Elbow, Peter
स्वरूप: पुस्तक
भाषा:Undetermined
प्रकाशित: Londres, Inglaterra Oxford University Press 1973
विषय:
टैग: टैग जोड़ें
कोई टैग नहीं, इस रिकॉर्ड को टैग करने वाले पहले व्यक्ति बनें!

MARC

LEADER 00000nam a2200000Ia 4500
008 170316s9999 xx 000 0 und d
090 |a 415-I E-3w 
100 |a Elbow, Peter 
245 |a Writing without teachers 
260 |a Londres, Inglaterra 
260 |b Oxford University Press 
260 |c 1973 
300 |a 196 páginas 
650 |a GRAMÁTICA INGLESA 
650 |a COMPOSICIÓN 
999 |c 19355  |d 19355 
040 |a cru BVZT 
942 |c 15 D  |h 415-I E-3w  |2 z